Responses for Show #3028 - Wednesday, October 29, 1997

Contestants

[<< previous game]

Liza Marshall, an attorney from Arlington, Virginia

Joe Spencer, a Ph.D. entomologist from Urbana, Illinois

Shelley Smith, a video and film editor from New York City, New York (whose 1-day cash winnings total $11,199)

[next game >>]

Jeopardy! Round responses

CARTOONISTS
SPORTS IN THE NEWS
1970
BROKEN ENGLISH
INVENTORS
"C" THE WORLD
    $100 1
Miami Herald

Liza
    $100 2
(Shelley: Who are the Giants?)

New York Jets

ShelleyJoe
    $100 9
Earth Day

Liza
    $100 12
snap

Shelley
    $100 14
Robert Fulton

Joe
    $100 13
Canberra

Joe
    $200 3
Scott Adams

Shelley
    $500 5
Dennis Rodman

Liza
    $200 22
Dr. Timothy Leary

Triple Stumper
    $200 16
put asunder

Joe
    $200 15
Edwin Land

Shelley
    $200 26
the Cook Islands

Liza
    $300 4
Cathy Guisewite

Liza
    $300 6
Detroit Red Wings

Joe
    $300 23
Pablo Picasso

Shelley
    $300 19
crack'd

Liza
    $300 17
Alfred Nobel

Joe
    $300 27
(Joe: What is Argentina?)

Chile

JoeLiza
    $400 7
FoxTrot

Triple Stumper
    $400 10
Riddick Bowe

Liza
    $400 24
the World's Fair

Liza
    $400 20
(Joe: What is a crash-up derby?)

demolition derby

ShelleyJoe
    $400 18
Archimedes

Shelley
    $400 28
Colorado

Shelley
    $500 8
Milton Caniff

Triple Stumper
    $500 11
Amy Van Dyken

Liza
    $500 25
(Alex: Liza, we have about a minute to go in the round.)

United Auto Workers

Triple Stumper
    $500 21
pulverize

Liza
    $500 29
George Westinghouse

Triple Stumper
    $500 30
(Liza: What is the Cameroons?)
[Originally ruled incorrect]
...
(Alex: [Before the Double Jeopardy! Round] In the last round, there was a momentary hesitation; we were having difficulty making a judgment on "Cameroon" and "The Cameroons"; we have decided to accept "The Cameroons", the response given by Liza, so she gets her cash back.)

Cameroon

ShelleyLiza

Scores at the first commercial break (after clue 13):

Shelley Joe Liza
$200 $500 $1,900

Scores at the end of the Jeopardy! Round:

Shelley Joe Liza
$2,400 $400 $4,100

Double Jeopardy! Round responses

BROADWAY LYRICS
BODY PARTS
COMMON BONDS
BOOKS & AUTHORS
FIRST LADIES
"HY" THERE
    $200 2
"Some Enchanted Evening"

Shelley
    $200 13
the heart

Joe
    $200 21
things that are yellow

Liza
    $200 8
Boris Pasternak

Shelley
    $200 1
Jacqueline Kennedy

Shelley
    $200 26
hyperbole

Joe
    $400 3
Maria

Joe
    $400 14
the diaphragm

Joe
    $400 22
things that are parted

Liza
    $400 9
Joseph Heller

Liza
    $400 4
Rosalynn (Smith) Carter

Shelley
    $400 27
hybrids

Shelley
    $600 5
"The Music Of The Night"

Liza
    $600 15
the ear

Joe
    $600 23
"Amazing" things

Shelley
    $600 10
National Velvet

Shelley
    $600 18
(Shelley: Who is Lucy Adams?)
(Joe: Who is Abigail Adams?)

Dolley Madison

ShelleyJoeLiza
    $600 30
Hymen

Shelley
    $1,000 6
"Sunrise, Sunset"

Liza
    $800 16
incisors

Liza
    $800 24
things that are pinched

Joe
    $800 11
Stephen King

Triple Stumper
    $1,000 19
Wilson (or Roosevelt)

Liza
    $800 28
hypochondria

Shelley
    $1000 7
"Kiss today goodbye"

Shelley
    $1000 17
(Joe: What is the cornea?)

the sclera

Joe
Triple Stumper
    $1000 25
fevers

Liza
    $1000 12
Dean Koontz

Joe
    $1000 20
(Liza: Who is Roosevelt?)

Frances Folsom Cleveland

Liza
Triple Stumper
    $1000 29
a hyphenate

Triple Stumper

Scores at the end of the Double Jeopardy! Round:

Shelley Joe Liza
$6,800 $2,400 $9,100

[wagering suggestions for these scores]

Final Jeopardy! Round responses

SAME LAST NAMES
[James McGraw & John Hill (publishers) & Tim McGraw & Faith Hill (singers)]
JoeWhat Rand and McNally
$2,350
ShelleyWhat is Judd
$6,800
LizaWhat are McGraw and Hill?
$4,501
McGraw & Hill

Final scores:

Shelley Joe Liza
$0 $50 $13,601
3rd place: Pinseeker Golf Clubs & Bag 2nd place: Panasonic 31" super-flat system TV & Bush Industries Home Theater Armoire New champion: $13,601

Game dynamics:

Coryat scores:

Shelley Joe Liza
$6,800 $2,400 $8,400
18 R,
2 W
13 R,
4 W
21 R
(including 3 DDs),
1 W

Combined Coryat: $17,600

[game clues] [game scores] [suggest correction]

Game tape date: Unknown
The J! Archive is created by fans, for fans. Scraping, republication, monetization, and malicious use prohibited; this site may use cookies and collect identifying information. See terms. The Jeopardy! game show and all elements thereof, including but not limited to copyright and trademark thereto, are the property of Jeopardy Productions, Inc. and are protected under law. This website is not affiliated with, sponsored by, or operated by Jeopardy Productions, Inc. Join the discussion at JBoard.tv.